1824 1198 1632 1513 1310 1778 1992 1477 1404 1829 1896 1755 1753 1650 1768 1603 1840 1802 1066 1878 1540 1142 1268 1384 1383 1595 1142 1821 1830 1870 1171 1188 1273 1483 1306 1718 1015 1378 1479 1956 1975 1140 1900 1010 1430 1326 1353 1612 1506 1967 1455 1658 1544 1754 1798 1886 1259 1889 1986 1889 1779 1016 1730 1759 1723 1048 1410 1648 1743 1978 1110 1312 1888 1530 1099 1289 1633 1010 1935 1599 1496 1836 1353 1861 1885 1636 1701 1365 1149 1462 1313 1127 1056 1309 1908 1649 1556 1310 1967 BCNSPRNW ULIB Ver.6.0+V

เปลี่ยนเป็นภาษาไทย

Change to English
 แสดงรายละเอียดบรรณานุกรม
  กลับหน้าหลัก

Brief Record : Get Marc (ISO 2709) : E-mail record : QR code < ปิดหน้าต่าง
LEADER : 00000nam 2200000uu 4500
001    13399123096
003     ULIB
008    140120s2540||||th 000 0 tha d
020    ^a9746560425
060 04 ^aWP145^bจ136ม
100 0  ^aจตุพร ศรีสมบุรณ์
245 00 ^aมะเร็งนรีเวชวิทยา =^bGynecologic oncology /^cจตุพร ศรีสมบุรณ์, ชำนาญ เกียรติพีรกุล, บรรณาธิการ
246 31 ^aGynecologic Oncology
250    ^aพิมพ์ครั้งที่ 1
260    ^aกรุงเทพฯ :^bราชวิทยาลัยสูตินรีแพทย์แห่งประเทศไทย,^c2540
300    ^a[18], 468 หน้า :^bภาพประกอบ ;^c30 ซม.
500    ^aมีดรรชนี
650  2 ^aGenital Neoplasms, Female
650  4 ^aอวัยวะสืบพันธุ์หญิง^xมะเร็ง
650  4 ^aมะเร็ง
650  4 ^aโรคทางนรีเวช
650  4 ^aอวัยวะสืบพันธุ์, เนื้องอก
650  4 ^aอวัยวะสืบพันธุ์, โรค
650  4 ^aอวัยวะสืบพันธุ์หญิง, เนื้องอก
650  4 ^aอวัยวะสืบพันธุ์หญิง^xมะเร็ง
700 0  ^aชำนาญ เกียรติพีรกุล,^eบรรณาธิการ
710 2  ^aราชวิทยาลัยสูตินรีแพทย์แห่งประเทศไทย
945    ^p700^l0^i5187
999    ^aทศพร เกษรทอง
รายการนี้ยังไม่มีแท็ก
คุณยังไม่ได้ล็อกอิน คุณสามารถมีกิจกรรมร่วมกับเว็บไซต์ได้ แต่ต้องล็อกอินก่อน ::
  ล็อกอิน

รายการสื่อสารสนเทศ

ลำดับที่ ประเภท เลขเรียก/บาร์โค้ด สถานที่ สถานะ
1. วิทยาศาสตร์การแพทย์ และสุขภาพ
วิทยาศาสตร์การแพทย์ และสุขภาพ
WP145 จ136ม ฉ.1 
  Barcode: 5187
ห้องสมุดวิทยาเขตนครสวรรค์
►หนังสือทั่วไป:l:General Books
บนชั้น

รายการใกล้เคียง
    ผู้แต่ง [จตุพร ศรีสมบุรณ์]

    หัวเรื่อง [Genital Neoplasms, Female]
    หัวเรื่อง [มะเร็ง]
    หัวเรื่อง [โรคทางนรีเวช]
    หัวเรื่อง [อวัยวะสืบพันธุ์, เนื้องอก]
    หัวเรื่อง [อวัยวะสืบพันธุ์, โรค]
    หัวเรื่อง [อวัยวะสืบพันธุ์หญิง, เนื้องอก]

BibComment


ยังไม่เคยถูกคอมเมนท์

คอมเมนท์ทรัพยากรรายการนี้
  คอมเมนท์: มะเร็งนรีเวชวิทย..


 Copyright 2026. Bcnsprnw @Library